000 00928nam a22002897a 4500
003 dpl
005 20180610160543.0
008 180610b xxu||||| |||| 00| 0 eng d
010 _aB-129685
020 _c110.00
_a8123741111
035 _aB-129685, B-129689
037 _bCen Lib/Ret
040 _aDPL
_bEN
_c0
082 _a793.93
_bCHO
100 _aChowdhury, T.P.S.
_9107619
245 _aAdventure sports /
_cby T.P.S.Chowdhury; illustrated by Deepthi Sethi [and] Narendra Taygi
260 _aNew Delhi
_bNational Book Trust
_c2003
270 _a5, Green Park
_bNew Delhi
_e110016
300 _axxii, 366p. :
_c23cm(pbk)
_bill.
490 _aYoung India library
500 _aIncludes bibliographical references.
650 _aSports
_9107620
650 _aAdventure sports
_9107621
700 _aSethi, Deepthi
_925265
700 _aTyagi, Narendra
_914993
942 _2ddc
_cEN
_h793.93
_mCHA
999 _c129061
_d129061